Top 20 paises más deportivos del mundo - Estadísticas

Estadísticas generales
  • Esta prueba ha sido intentada 139 veces
  • La puntuación promedio es 18 de 20
Estadísticas de respuestas
Clasificación Olímpica Continente País % Correcto
#28 Europa España
99%
#8 Asia Japón
99%
#13 Oceanía Australia
98%
#1 América del Norte Estados Unidos
98%
#29 Asia China
97%
#14 Europa Francia
97%
#5 Europa / Asia Rusia
97%
#4 Europa Alemania
96%
#20 América del Norte Canadá
96%
#3 Europa Reino Unido
96%
#6 Europa Italia
94%
#9 Europa Noruega
91%
#10 Europa Suecia
90%
#26 Europa Bélgica
89%
#32 Oceanía Nueva zelanda
88%
#7 Asia Corea del Sur
86%
#19 Europa Suiza
85%
#17 Europa Países Bajos
84%
#16 Europa Finlandia
81%
#15 Europa Dinamarca
77%
No se encontraron pruebas coincidentes
Distribución de puntuación
Porcentaje de gente con cada puntuación
Porcentaje por número respondido
Historial de tus puntuaciones
No has intentado esta prueba.